Piel de Cielo / (Record no. 27566)

MARC details
000 -LEADER
fixed length control field 00521nam a22002057a 4500
001 - CONTROL NUMBER
control field sjds
003 - CONTROL NUMBER IDENTIFIER
control field sjds
005 - DATE AND TIME OF LATEST TRANSACTION
control field 20221220100445.0
008 - FIXED-LENGTH DATA ELEMENTS--GENERAL INFORMATION
fixed length control field 221220b mx ||||| |||| 00| 0 spa d
020 ## - INTERNATIONAL STANDARD BOOK NUMBER
International Standard Book Number 8486563062
020 ## - INTERNATIONAL STANDARD BOOK NUMBER
International Standard Book Number 9788486563066
040 ## - CATALOGING SOURCE
Transcribing agency sjds
041 ## - LANGUAGE CODE
Language code of text/sound track or separate title spa
100 ## - MAIN ENTRY--PERSONAL NAME
Personal name Serrano, Fernando Lopez
245 10 - TITLE STATEMENT
Title Piel de Cielo /
Statement of responsibility, etc. Fernando Lopez Serrano.
260 ## - PUBLICATION, DISTRIBUTION, ETC. (IMPRINT)
Place of publication, distribution, etc. Mexico :
Name of publisher, distributor, etc. Gondomar,
Date of publication, distribution, etc. 1986
300 ## - PHYSICAL DESCRIPTION
Extent 86 pages :
Other physical details illustrations ;
Dimensions 19 cm.
440 ## - SERIES STATEMENT/ADDED ENTRY--TITLE
Title Coleccion el dado loco
942 ## - ADDED ENTRY ELEMENTS (KOHA)
Koha item type Libro/Book
Holdings
Withdrawn status Lost status Damaged status Not for loan Home library Current library Date acquired Total Checkouts Full call number Barcode Checked out Date last seen Date checked out Price effective from Koha item type Inventory number
        San Juan Del Sur -- Mobile Cardenas 20/12/2022 1 JFI 33016788 07/11/2023 03/10/2023 03/10/2023 20/12/2022 Libro/Book  
        San Juan Del Sur -- Mobile Las delicias 20/12/2022 1 JFI 33016781 14/11/2023 10/10/2023 10/10/2023 20/12/2022 Libro/Book  
        San Juan Del Sur -- Mobile Las delicias 20/12/2022 1 JFI 33016782   29/05/2024 10/04/2024 20/12/2022 Libro/Book  
        San Juan Del Sur -- Mobile San Juan Del Sur -- Mobile 10/02/2023   JF 30029612   10/02/2023   10/02/2023 Libro/Book Inventory date: 1-2-25
        San Juan Del Sur -- Mobile San Juan Del Sur -- Mobile 10/02/2023   JF 30029613   10/02/2023   10/02/2023 Libro/Book Inventory date: 1-2-25
        San Juan Del Sur -- Mobile Sapoa 20/12/2022 1 JFI 33016785   31/10/2024 28/02/2024 20/12/2022 Libro/Book  

Powered by Koha